Sports Quiz

Random Sports or NHL Quiz

Current NHL Captains and Alternates Quiz Stats

 Plays Quiz not verified by Sporcle

Score 0/107 Timer 10:00
0 Plays Today
Team Captains % Correct
AnaheimRyan Getzlaf
89.8%
BostonZdeno Chara
89.2%
ChicagoJonathan Toews
82.6%
CalgaryJarome Iginla
82%
Pittsburgh Sidney Crosby
81.4%
Saku Koivu
79.6%
CarolinaEric Staal
79.6%
MinnesotaMikko Koivu
79%
PhiladelphiaChris Pronger
78.4%
Evgeni Malkin
77.8%
San JoseJoe Thornton
75.4%
VancouverHenrik Sedin
75.4%
Daniel Sedin
75.4%
Duncan Keith
74.9%
ColumbusVacant
74.9%
DetroitVacant
73.1%
PhoenixShane Doan
73.1%
WashingtonAlex Ovechkin
73.1%
Tampa BayVinny Lecavalier
71.9%
Teemu Selanne
71.3%
Martin St.Louis
70.7%
MontrealBrian Gionta
70.1%
Claude Giroux
70.1%
Thomas Vanek
69.5%
Pavel Datsyuk
69.5%
Los AngelesDustin Brown
68.9%
OttawaDaniel Alfredsson
68.9%
ColoradoGabriel Landeskog
67.1%
Henrik Zetterberg
66.5%
Patrick Marleau
66.5%
DallasBrenden Morrow
65.3%
Anze Kopitar
65.3%
Patrice Bergeron
64.7%
EdmontonShawn Horcoff
64.7%
NY RangersRyan Callahan
64.7%
TorontoDion Phaneuf
64.7%
Team Captains % Correct
BuffaloJason Pominville
64.1%
NashvilleShea Weber
64.1%
Danny Briere
63.5%
Patrick Sharp
62.3%
Paul Stastny
61.7%
NY IslandersMark Streit
61.7%
Drew Stafford
61.1%
WinnipegAndrew Ladd
60.9%
Dan Boyle
60.5%
New JerseyVacant
59.9%
Patrik Elias
56.9%
FloridaVacant
56.3%
Ilya Kovalchuk
56.3%
Milan Hejduk
54.5%
Ryan Kesler
53.9%
Stephen Weiss
53.3%
Andrew Ference
52.2%
John Tavares
52.1%
Andy McDonald
49.1%
Chris Kelly
48.5%
Zach Parise
47.8%
Ryan Suter
47.8%
Kimmo Timonen
46.7%
St LouisDavid Backes
46.7%
Jay Bouwmeester
46.1%
Ryan Whitney
46.1%
Vacant
46.1%
Jamie Langenbrunner
45.5%
Ales Hemsky
44.3%
Andrei Markov
44.3%
Jason Spezza
44.3%
Ed Jovanovski
43.5%
Mark Giordano
42.5%
Brad Richards
42.5%
Chris Phillips
41.3%
Vacant
40.1%
Team Captains % Correct
Kyle Okposo
37.1%
Niklas Kronwall
36.5%
R.J Umberger
35.9%
Steven Stamkos
34.8%
Mike Fisher
34.7%
Keith Yandle
33.5%
Jordan Staal
32.3%
Stephane Robidas
32.3%
Mike Komisarek
32.3%
Brooks Laich
32.3%
Brooks Orpik
31.7%
Ryane Clowe
31.1%
Kevin Bieksa
31.1%
Nicklas Backstrom
30.4%
Dustin Byfuglien
30.4%
Marc Staal
29.9%
Matt Greene
29.3%
Matt Cullen
29.3%
Mikhail Grabovski
29.3%
Vinny Prospal
27.5%
Mattias Ohlund
27.5%
Troy Brouwer
25.7%
Tim Gleason
22.2%
Louis Eriksson
22.2%
Tobias Enstrom
21.7%
Brian Campbell
20.4%
Alex Steen
20.4%
Barret Jackman
19.8%
Dany Heatley
18%
Eric Brewer
17.4%
Mark Stuart
17.4%
Manny Malhotra
15%
Tomas Kopecky
13%
Chris Thorburn
8.7%
Martin Hanzal
7.8%

You're not logged in!

Compare scores with friends on all Sporcle quizzes.
OR
Log In

Show Comments

Extras

Top Quizzes Today


Score Distribution

Your Account Isn't Verified!

In order to create a playlist on Sporcle, you need to verify the email address you used during registration. Go to your Sporcle Settings to finish the process.

Report this User

Report this user for behavior that violates our Community Guidelines.

Details: